[Event "Prva liga Centralne Srbije"]
[Site "Zvecan"]
[Date "2006.09.09"]
[Round "1.1"]
[White "Savicevic, Vlatko"]
[Black "Pavlovic, Goran"]
[Result "1/2-1/2"]
[WhiteElo "2331"]
[BlackElo "2363"]
[PlyCount "30"]
[EventDate "2006.09.09"]

1. e4 e5 2. Nf3 Nc6 3. Bb5 Nf6 4. O-O Nxe4 5. d4 Nd6 6. Bxc6 dxc6 7. dxe5 Nf5
8. Qxd8+ Kxd8 9. Nc3 h6 10. h3 Ne7 11. Rd1+ Ke8 12. Be3 Ng6 13. a3 Be7 14. Rd2
Be6 15. Re1 Rd8 1/2-1/2

[Event "Prva liga Centralne Srbije"]
[Site "Zvecan"]
[Date "2006.09.09"]
[Round "1.1"]
[White "Novoselski, Zoran"]
[Black "Simic, Dragisa"]
[Result "1-0"]
[WhiteElo "2351"]
[BlackElo "2332"]
[PlyCount "53"]
[EventDate "2006.09.09"]

1. e4 e6 2. d4 d5 3. e5 c5 4. Qg4 cxd4 5. Nf3 Nc6 6. Bd3 Nge7 7. O-O Ng6 8. Re1
Qc7 9. Qg3 Bc5 10. a3 f6 11. b4 Bb6 12. h4 Ncxe5 13. Nxe5 Nxe5 14. Bf4 O-O 15.
Rxe5 fxe5 16. Bxe5 Qf7 17. Nd2 Bd8 18. Nf3 h6 19. Bg6 Qd7 20. Rd1 Bf6 21. Rxd4
a5 22. Bd3 Qe8 23. Rg4 Qd7 24. b5 b6 25. Rg6 Kh8 26. Qf4 Qe7 27. Bd6 1-0

[Event "Prva liga Centralne Srbije"]
[Site "Zvecan"]
[Date "2006.09.09"]
[Round "1.1"]
[White "Pavlovic, Nebojsa"]
[Black "Lazic, Dragoljub"]
[Result "1-0"]
[WhiteElo "2336"]
[BlackElo "2325"]
[PlyCount "43"]
[EventDate "2006.09.09"]

1. e4 c5 2. Nf3 d6 3. d4 cxd4 4. Nxd4 Nf6 5. Nc3 a6 6. Bg5 e6 7. Qf3 Nbd7 8.
O-O-O Qa5 9. h4 h6 10. Be3 Ne5 11. Qg3 Bd7 12. Nb3 Qc7 13. Bd4 Bc6 14. f4 Ned7
15. Bd3 b5 16. e5 dxe5 17. fxe5 b4 18. Ne2 Ne4 19. Qe3 f5 20. exf6 Nexf6 21.
Bg6+ Ke7 22. Bc5+ 1-0

[Event "Prva liga Centralne Srbije"]
[Site "Zvecan"]
[Date "2006.09.09"]
[Round "1.1"]
[White "Jovanovic, D  Dusan"]
[Black "Adzic, Momcilo"]
[Result "1/2-1/2"]
[WhiteElo "2240"]
[BlackElo "2238"]
[PlyCount "78"]
[EventDate "2006.09.09"]

1. Nf3 Nf6 2. c4 e6 3. Nc3 d5 4. d4 c5 5. cxd5 exd5 6. g3 Nc6 7. Bg2 Be7 8. O-O
O-O 9. Bg5 Be6 10. dxc5 Bxc5 11. Rc1 Be7 12. Nd4 Qb6 13. Nxc6 bxc6 14. Na4 Qb5
15. Be3 Nd7 16. Qc2 Rfc8 17. Rfd1 Nb6 18. Nc3 Qa6 19. Bxb6 axb6 20. e4 dxe4 21.
Bxe4 h6 22. Bf5 Bxf5 23. Qxf5 Rd8 24. Qe4 Qb7 25. Rxd8+ Rxd8 26. Rd1 Rxd1+ 27.
Nxd1 Qd7 28. Ne3 Bf6 29. b3 g6 30. Ng4 Bg7 31. Ne3 h5 32. a4 Bf6 33. h4 Qd6 34.
Kg2 Bd4 35. Nc4 Qc5 36. Nd2 Kg7 37. Nf3 Bc3 38. Qf4 Qd5 39. Qc7 Bd4 1/2-1/2

[Event "Prva liga Centralne Srbije"]
[Site "Zvecan"]
[Date "2006.09.09"]
[Round "1.1"]
[White "Semenov, Aleksandar"]
[Black "Milosevic, Slavisa"]
[Result "1-0"]
[WhiteElo "2264"]
[BlackElo "2294"]
[PlyCount "55"]
[EventDate "2006.09.09"]

1. c4 f5 2. Nf3 Nf6 3. Nc3 g6 4. g3 Bg7 5. Bg2 O-O 6. d3 d6 7. O-O c6 8. e4 e5
9. c5 Na6 10. cxd6 Qxd6 11. exf5 Bxf5 12. d4 exd4 13. Nxd4 Bg4 14. Qb3+ Rf7 15.
Be3 Qd7 16. Rfe1 Re8 17. Qc4 Nc7 18. Nb3 Ncd5 19. Bd4 Nxc3 20. bxc3 Rxe1+ 21.
Rxe1 a6 22. Nc5 Qc8 23. Re7 Qf8 24. Rxb7 Be2 25. Qe6 Qe8 26. Bxc6 Qxe6 27. Nxe6
Bc4 28. Rb8+ 1-0

[Event "Prva liga Centralne Srbije"]
[Site "Zvecan"]
[Date "2006.09.09"]
[Round "1.1"]
[White "Rihterovic, Milan"]
[Black "Draskovic, Dragan"]
[Result "1-0"]
[WhiteElo "2224"]
[BlackElo "2143"]
[PlyCount "121"]
[EventDate "2006.09.09"]

1. c4 Nf6 2. g3 g6 3. Bg2 d5 4. Nf3 Bg7 5. O-O c6 6. cxd5 cxd5 7. d4 O-O 8. Nc3
Nc6 9. Ne5 Be6 10. Nxc6 bxc6 11. Bf4 Nh5 12. Bg5 h6 13. Be3 Nf6 14. Na4 Nd7 15.
Qc1 Qa5 16. b3 Rfc8 17. Qa3 c5 18. dxc5 Bxa1 19. Rxa1 Kh7 20. Qb2 Rab8 21. Qd4
Rb4 22. Qd1 Rxa4 23. bxa4 Nxc5 24. Rc1 Nxa4 25. Rxc8 Bxc8 26. Bd2 Qb5 27. Qc1
Be6 28. Bxh6 Qxe2 29. Bf8 Kg8 30. Bxe7 d4 31. Bf6 Kh7 32. Qf4 Qd1+ 33. Bf1 Nc3
34. Qh4+ Qh5 35. Qxh5+ gxh5 36. a3 a5 37. Bxd4 Nd5 38. Bd3+ f5 39. Kg2 Kg6 40.
Kf3 Nf6 41. Kf4 Nd7 42. h3 Nb8 43. f3 Nc6 44. Bc3 Bc8 45. g4 hxg4 46. fxg4 Ne7
47. Bxa5 Kf6 48. Bd8 fxg4 49. hxg4 Kf7 50. Bxe7 Kxe7 51. a4 Kd6 52. g5 Be6 53.
a5 Kc5 54. Ke5 Bg8 55. a6 Kb6 56. g6 Bb3 57. g7 Bg8 58. Kd6 Ka7 59. Ke7 Kb6 60.
Kf8 Bd5 61. Bg6 1-0

[Event "Prva liga Centralne Srbije"]
[Site "Novi Pazar"]
[Date "2006.09.09"]
[Round "1.2"]
[White "Muratovic, Alija"]
[Black "Sredojevic, Ivan"]
[Result "1/2-1/2"]
[WhiteElo "2445"]
[BlackElo "2349"]
[PlyCount "24"]
[EventDate "2006.09.09"]

1. e4 c5 2. Nf3 d6 3. d4 cxd4 4. Nxd4 Nf6 5. Nc3 a6 6. Bg5 e6 7. f4 Nbd7 8. Qf3
Qc7 9. O-O-O b5 10. Bd3 Bb7 11. Rhe1 Be7 12. g4 b4 1/2-1/2

[Event "Prva liga Centralne Srbije"]
[Site "Novi Pazar"]
[Date "2006.09.09"]
[Round "1.2"]
[White "Rabrenovic, Vladan"]
[Black "Milosavljevic, Milisav"]
[Result "0-1"]
[WhiteElo "2320"]
[BlackElo "2185"]
[PlyCount "102"]
[EventDate "2006.09.09"]

1. d4 d5 2. c4 e6 3. Nc3 c5 4. cxd5 exd5 5. Nf3 Nc6 6. g3 Nf6 7. Bg2 Be7 8. O-O
O-O 9. Be3 Ng4 10. Bf4 Be6 11. dxc5 Bxc5 12. Na4 Be7 13. Nd4 Nxd4 14. Qxd4 Qa5
15. Bd2 Qa6 16. Nc3 Nf6 17. Rad1 Rfd8 18. Be3 Rd7 19. Qd3 Qc6 20. Bd4 b6 21. e3
Rad8 22. Rd2 Qc4 23. Qb1 g6 24. b3 Qc6 25. h3 Bf5 26. Qb2 Ne4 27. Nxe4 Bxe4 28.
f3 Bf5 29. g4 Be6 30. Rc1 Qb5 31. Bf1 Qa5 32. Rcc2 Ba3 33. Qa1 Bc5 34. h4 Qb4
35. h5 Bxd4 36. Rxd4 Qe7 37. hxg6 fxg6 38. Qc1 Bf7 39. Bb5 Rd6 40. Rc7 Qe5 41.
Kg2 a5 42. Rf4 Rf8 43. Qc3 d4 44. Rxd4 Rxd4 45. exd4 Qxb5 46. d5 Qxd5 47. Qf6
Qe6 48. Qd4 Re8 49. Qf4 Qe2+ 50. Kh3 Bd5 51. Qf6 Qxf3+ 0-1

[Event "Prva liga Centralne Srbije"]
[Site "Novi Pazar"]
[Date "2006.09.09"]
[Round "1.2"]
[White "Djakovac, Enes"]
[Black "Colovic, Dusan"]
[Result "1-0"]
[WhiteElo "2219"]
[BlackElo "2357"]
[PlyCount "58"]
[EventDate "2006.09.09"]

1. e4 c5 2. Nf3 Nc6 3. d4 cxd4 4. Nxd4 e5 5. Nb5 d6 6. N1c3 a6 7. Na3 b5 8. Nd5
Nce7 9. Bg5 f6 10. Be3 Rb8 11. Nb4 Bb7 12. Qd2 d5 13. exd5 Nxd5 14. Nxd5 Qxd5
15. Qa5 Rd8 16. Bd3 b4 17. Nb5 Qc6 18. O-O-O Be7 19. Nc7+ Kf7 20. b3 Qc3 21.
Kb1 Nh6 22. f3 Rhf8 23. Bd2 Qc5 24. Qxc5 Bxc5 25. Bc4+ Ke7 26. Ne6 Rc8 27. Nxc5
Rxc5 28. Bxb4 Rfc8 29. Bd5 a5 1-0

[Event "Prva liga Centralne Srbije"]
[Site "Novi Pazar"]
[Date "2006.09.09"]
[Round "1.2"]
[White "Irizanin, Radoje"]
[Black "Milosavljevic, Zoran"]
[Result "1-0"]
[WhiteElo "2301"]
[BlackElo "2204"]
[PlyCount "87"]
[EventDate "2006.09.09"]

1. d4 Nf6 2. Nf3 d5 3. e3 e6 4. Bd3 c5 5. c3 Nc6 6. Nbd2 Bd6 7. O-O e5 8. e4
cxd4 9. cxd4 dxe4 10. Nxe4 Nxd4 11. Bg5 Nc6 12. Qa4 Be7 13. Rad1 Bd7 14. Nxf6+
gxf6 15. Bf5 Nb8 16. Rxd7 Nxd7 17. Rd1 b5 18. Qxb5 O-O 19. Rxd7 Qc8 20. Bh6 Rd8
21. Qa4 Bf8 22. Rxd8 Qxd8 23. Bxf8 Qxf8 24. Qh4 Qg7 25. Qg3 Rd8 26. Qxg7+ Kxg7
27. Kf1 Rd1+ 28. Ne1 Rd2 29. Nd3 Rc2 30. Ke1 Kh6 31. Kd1 Rc4 32. b3 Rd4 33. Kc2
Kg5 34. g4 h5 35. h3 Rd6 36. b4 Rc6+ 37. Kb3 Rc7 38. a4 Re7 39. f3 Rc7 40. b5
h4 41. a5 Kh6 42. Be4 Kg7 43. b6 axb6 44. axb6 1-0

[Event "Prva liga Centralne Srbije"]
[Site "Novi Pazar"]
[Date "2006.09.09"]
[Round "1.2"]
[White "Ikic, Alija"]
[Black "Mirkovic, Stevan"]
[Result "1/2-1/2"]
[WhiteElo "2142"]
[BlackElo "2214"]
[PlyCount "97"]
[EventDate "2006.09.09"]

1. d4 Nf6 2. c4 e6 3. Nf3 b6 4. g3 Ba6 5. Qa4 Bb7 6. Bg2 c5 7. O-O Qc8 8. Bf4
cxd4 9. Nxd4 Bxg2 10. Kxg2 Nc6 11. Nb5 e5 12. Bg5 Ne4 13. Be3 Be7 14. Qc2 Nf6
15. Rd1 O-O 16. f3 Na5 17. N1a3 Qc6 18. Qd3 a6 19. Nd6 Bxd6 20. Qxd6 Nxc4 21.
Nxc4 Qxc4 22. Rd2 Rfe8 23. Qxb6 Nd5 24. Qc5 Nxe3+ 25. Qxe3 d5 26. Qd3 Qxd3 27.
Rxd3 d4 28. e3 dxe3 29. Rxe3 f6 30. Rc1 Kf7 31. Ra3 Rab8 32. b3 Rb6 33. Ra4 Rd8
34. Rc2 Ke6 35. Kf2 Rd5 36. Rac4 Rbd6 37. Ke2 Rd1 38. Rc6 Rh1 39. Ke3 f5 40.
Rxd6+ Kxd6 41. Kd3 Kd5 42. Rd2 e4+ 43. fxe4+ fxe4+ 44. Ke3+ Ke5 45. Rc2 Re1+
46. Kf2 Ra1 47. Ke3 Re1+ 48. Kf2 Ra1 49. Ke3 1/2-1/2

[Event "Prva liga Centralne Srbije"]
[Site "Novi Pazar"]
[Date "2006.09.09"]
[Round "1.2"]
[White "Radivojevic, Miladin"]
[Black "Ristovic, Mileta"]
[Result "1-0"]
[WhiteElo "2180"]
[BlackElo "2132"]
[PlyCount "65"]
[EventDate "2006.09.09"]

1. e4 e6 2. d4 d5 3. Nc3 dxe4 4. Nxe4 Bd7 5. Nf3 Bc6 6. Bd3 Nd7 7. Bg5 Be7 8.
h4 Ngf6 9. Qe2 Nxe4 10. Bxe4 Bxe4 11. Qxe4 c6 12. O-O-O h6 13. Bf4 Qa5 14. Kb1
Qd5 15. Qd3 Nb6 16. Ne5 Bf6 17. c4 Qd8 18. Qg3 Qe7 19. Rhe1 O-O-O 20. Qb3 Bxh4
21. c5 Nd7 22. Nc4 Nf6 23. Nd6+ Rxd6 24. Bxd6 Qd8 25. g3 Ne8 26. gxh4 Nxd6 27.
cxd6 Qxd6 28. Qg3 Qf8 29. h5 Rg8 30. Rg1 Qb4 31. a3 Qa5 32. Qe5 Qa4 33. Rc1 1-0

[Event "Prva liga Centralne Srbije"]
[Site "Ljig"]
[Date "2006.09.09"]
[Round "1.3"]
[White "Cabarkapa, Miomir"]
[Black "Misailovic, Nebojsa"]
[Result "1/2-1/2"]
[WhiteElo "2214"]
[BlackElo "2348"]
[PlyCount "160"]
[EventDate "2006.09.09"]

1. Nf3 d5 2. d4 Nf6 3. c4 c6 4. Nc3 dxc4 5. a4 Bf5 6. e3 e6 7. Bxc4 Bb4 8. O-O
O-O 9. Qb3 Qe7 10. Na2 c5 11. Nxb4 cxb4 12. a5 Nc6 13. Bd2 Be4 14. Ne5 Rab8 15.
Ra4 b5 16. axb6 Rxb6 17. Nxc6 Bxc6 18. Rxb4 Rfb8 19. Rxb6 Rxb6 20. Qa3 Qb7 21.
f3 Rxb2 22. Bc3 Rb1 23. Qa2 Rxf1+ 24. Bxf1 Nd5 25. Bd2 h6 26. e4 Nc7 27. Bd3
Bb5 28. Bb1 Bc4 29. Qc2 Qb6 30. Be3 e5 31. Qxc4 Qxb1+ 32. Kf2 exd4 33. Qxd4 Nb5
34. Qd8+ Kh7 35. Qd7 Qa2+ 36. Kg3 a6 37. Qf5+ Kg8 38. Qc8+ Kh7 39. Qf5+ g6 40.
Qf6 Qe6 41. Qxe6 fxe6 42. Kf4 Nd6 43. e5 g5+ 44. Kg3 Nb5 45. Kf2 Nc3 46. Bd2
Nd5 47. g4 Kg6 48. Ke2 h5 49. h3 Ne7 50. Kd3 hxg4 51. hxg4 Kh6 52. Kc4 Ng6 53.
Kd4 Nh4 54. Ke4 Ng2 55. Kd4 Kg6 56. Kc5 Nh4 57. f4 gxf4 58. Bxf4 Nf3 59. Kd6
Kf7 60. Kc7 Kg6 61. Kb6 Ne1 62. Kxa6 Nd3 63. Bh2 Kg5 64. Kb5 Kxg4 65. Kc6 Kf5
66. Kd6 Nf2 67. Kc5 Ng4 68. Bg3 Ke4 69. Kd6 Kf5 70. Kc5 Ne3 71. Kd4 Nf1 72. Be1
Kf4 73. Ba5 Nh2 74. Bc7 Nf3+ 75. Kd3 Nh4 76. Bb8 Nf5 77. Bc7 Ne7 78. Bd6 Nd5
79. Kd4 Kf5 80. Bb8 Nb4 1/2-1/2

[Event "Prva liga Centralne Srbije"]
[Site "Ljig"]
[Date "2006.09.09"]
[Round "1.3"]
[White "Radovanovic, Dusan"]
[Black "Jovcic, Zoran"]
[Result "1-0"]
[WhiteElo "2380"]
[BlackElo "2172"]
[PlyCount "101"]
[EventDate "2006.09.09"]

1. e4 c6 2. d4 d5 3. e5 Bf5 4. Nc3 e6 5. g4 Bg6 6. Nge2 c5 7. h4 cxd4 8. Nxd4
h5 9. Bb5+ Nd7 10. f4 hxg4 11. f5 Rxh4 12. Rf1 Rh2 13. Bxd7+ Kxd7 14. Qxg4 exf5
15. Nxf5 Bh5 16. Qg3 Rxc2 17. Nd4 Be7 18. Qh3+ Ke8 19. Qxh5 Bh4+ 20. Kd1 Rf2
21. Rxf2 Bxf2 22. Ndb5 Kf8 23. Nd6 Qd7 24. Qf3 Bd4 25. Qxd5 Bxc3 26. bxc3 Qa4+
27. Qb3 Qg4+ 28. Kc2 Qg6+ 29. Kb2 Ne7 30. Bd2 Nc6 31. Rg1 Qe6 32. Qxe6 fxe6 33.
Bf4 Ne7 34. c4 a5 35. Kc3 b5 36. Nxb5 Rc8 37. Kd3 Rd8+ 38. Nd6 Rb8 39. Kc2 Nc6
40. Kc3 Rb4 41. a3 Rb6 42. Rg6 a4 43. Rxe6 Rb3+ 44. Kd2 g5 45. Bxg5 Nd4 46.
Rf6+ Kg8 47. e6 Nc6 48. Rg6+ Kh7 49. Rh6+ Kg7 50. Nf5+ Kg8 51. Bf6 1-0

[Event "Prva liga Centralne Srbije"]
[Site "Ljig"]
[Date "2006.09.09"]
[Round "1.3"]
[White "Civric, Zdravko"]
[Black "Gajic, Branko"]
[Result "1-0"]
[WhiteElo "2205"]
[BlackElo "2171"]
[PlyCount "35"]
[EventDate "2006.09.09"]

1. e4 c6 2. d4 d5 3. e5 Bf5 4. Nc3 e6 5. g4 Bg6 6. Nge2 Be7 7. Nf4 Nd7 8. Be3
a6 9. Bg2 c5 10. Qd2 cxd4 11. Bxd4 Rc8 12. O-O-O Nb6 13. Bxb6 Qxb6 14. h4 Bb4
15. h5 Rxc3 16. hxg6 Nh6 17. gxf7+ Kxf7 18. Nxd5 1-0

[Event "Prva liga Centralne Srbije"]
[Site "Ljig"]
[Date "2006.09.09"]
[Round "1.3"]
[White "Dragasevic, Dragan"]
[Black "Marinkovic, Zoran"]
[Result "1-0"]
[WhiteElo "2149"]
[BlackElo "2286"]
[PlyCount "63"]
[EventDate "2006.09.09"]

1. d4 Nf6 2. Nf3 e6 3. Bg5 c5 4. e3 Qb6 5. Qc1 Ne4 6. c3 Nxg5 7. Nxg5 Be7 8.
Nf3 Nc6 9. Nbd2 f5 10. Be2 O-O 11. O-O d5 12. a4 Bd7 13. Bb5 Rfd8 14. Bxc6 bxc6
15. Ne5 Rab8 16. Nxd7 Rxd7 17. b3 cxd4 18. cxd4 Rc7 19. Qc2 Bb4 20. Nf3 c5 21.
Rfc1 Qa5 22. Qd3 Rbc8 23. dxc5 Rxc5 24. Rxc5 Rxc5 25. Rb1 a6 26. g3 Bc3 27. b4
Bxb4 28. Qd4 Rc4 29. Qe5 Qc7 30. Qxe6+ Qf7 31. Qxf7+ Kxf7 32. Ne5+ 1-0

[Event "Prva liga Centralne Srbije"]
[Site "Bozevac"]
[Date "2006.09.09"]
[Round "1.4"]
[White "Trifunovic, Miroljub"]
[Black "Nikolic, Zivoslav"]
[Result "1/2-1/2"]
[WhiteElo "2247"]
[BlackElo "2426"]
[PlyCount "80"]
[EventDate "2006.09.09"]

1. e4 e6 2. d3 d5 3. Nd2 Nf6 4. Ngf3 Be7 5. c3 c5 6. Be2 Nc6 7. O-O Qc7 8. Re1
b6 9. Bf1 Bb7 10. a3 O-O 11. e5 Nd7 12. d4 c4 13. h4 b5 14. h5 a5 15. Nh2 Rae8
16. Qg4 Bc8 17. Ndf3 f5 18. Qg3 b4 19. h6 g6 20. axb4 axb4 21. Bg5 bxc3 22.
bxc3 Nd8 23. Qh4 Nb8 24. Be2 Bxg5 25. Nxg5 Nf7 26. Nhf3 Nc6 27. g3 Ncd8 28. Kg2
Nxg5 29. Nxg5 Qe7 30. Reb1 Nf7 31. f4 Nxg5 32. Qxg5 Qc7 33. Ra8 Bd7 34. Ra2 Bc6
35. Kf2 Ra8 36. Rab2 Ra7 37. Qh4 Ba4 38. Bd1 Bxd1 39. Rxd1 Qa5 40. Rc1 Qa3
1/2-1/2

[Event "Prva liga Centralne Srbije"]
[Site "Bozevac"]
[Date "2006.09.09"]
[Round "1.4"]
[White "Pap, Misa"]
[Black "Ljubisavljevic, Zivojin Z"]
[Result "1-0"]
[WhiteElo "2409"]
[BlackElo "2290"]
[PlyCount "77"]
[EventDate "2006.09.09"]

1. e4 e6 2. d4 d5 3. e5 c5 4. c3 Qb6 5. Nf3 Bd7 6. Bd3 Bb5 7. dxc5 Bxc5 8. b4
Bxd3 9. Qxd3 Be7 10. Na3 h5 11. O-O Nh6 12. c4 Nc6 13. b5 Nb4 14. Qb3 a5 15.
bxa6 Qxa6 16. Nb5 Rc8 17. cxd5 Nxd5 18. Bxh6 gxh6 19. Rfc1 Kd7 20. Rd1 Rc5 21.
Nc3 Qc6 22. Nxd5 exd5 23. Nd4 Qa6 24. Qh3+ Ke8 25. Qxh5 Qg6 26. Qxg6 fxg6 27.
Rab1 Rc7 28. Ne6 Rd7 29. Nf4 d4 30. Nxg6 Rg8 31. Nxe7 Kxe7 32. Rb6 Rc8 33. Rxh6
Rc4 34. Kf1 b5 35. Ke2 Rd5 36. f4 Rc3 37. Rd6 d3+ 38. Ke3 d2+ 39. Ke4 1-0

[Event "Prva liga Centralne Srbije"]
[Site "Bozevac"]
[Date "2006.09.09"]
[Round "1.4"]
[White "Cvetkovic, Nemanja"]
[Black "Jovanovic, Drasko"]
[Result "0-1"]
[WhiteElo "2179"]
[BlackElo "2261"]
[PlyCount "118"]
[EventDate "2006.09.09"]

1. d4 Nf6 2. c4 a6 3. Nc3 c5 4. dxc5 e6 5. e4 Qa5 6. Bd3 Nc6 7. Nf3 Bxc5 8. O-O
b5 9. cxb5 axb5 10. Bxb5 Nxe4 11. Nxe4 Qxb5 12. Be3 Be7 13. Nd6+ Bxd6 14. Qxd6
Qb8 15. Qc5 Ra5 16. Qc3 O-O 17. Bc5 d6 18. Ba3 Bb7 19. Nd4 Ra6 20. Rfd1 Ne7 21.
Rac1 Rc8 22. Qg3 Rxc1 23. Rxc1 Bd5 24. b4 e5 25. b5 Rb6 26. Qh4 Kf8 27. Nc6
Bxc6 28. bxc6 Rxc6 29. Rxc6 Nxc6 30. Qxh7 Ke7 31. h4 g6 32. h5 gxh5 33. Bc1 Qb4
34. Bg5+ Ke6 35. Qh6+ Kd7 36. Kh2 Qa3 37. Qxh5 Qxa2 38. Qg4+ Kc7 39. f3 Qc2 40.
Be3 d5 41. Qg8 Qg6 42. Qf8 d4 43. Bf2 Qe6 44. Qc5 f5 45. Kg1 Qd6 46. Qc1 d3 47.
Be3 Kd7 48. g3 Nd4 49. Kf2 Qd5 50. Qd1 e4 51. fxe4 fxe4 52. Qa4+ Nc6 53. Ke1
Qa5+ 54. Qxa5 Nxa5 55. Bd4 Nc4 56. Kf2 Ke6 57. g4 Ne5 58. Ke3 Nxg4+ 59. Kd2 Kd5
0-1

[Event "Prva liga Centralne Srbije"]
[Site "Bozevac"]
[Date "2006.09.09"]
[Round "1.4"]
[White "Jovanovic, Bojan"]
[Black "Ravic, Nenad"]
[Result "1-0"]
[WhiteElo "2296"]
[BlackElo "2151"]
[PlyCount "121"]
[EventDate "2006.09.09"]

1. d4 d5 2. c4 e6 3. Nc3 Nf6 4. cxd5 exd5 5. Bg5 Be7 6. e3 O-O 7. Qc2 c6 8. Bd3
Nbd7 9. Nf3 Re8 10. O-O Nf8 11. Rab1 Ne4 12. Bxe7 Qxe7 13. Bxe4 dxe4 14. Nd2 f5
15. b4 Be6 16. Ne2 Ng6 17. Rfc1 f4 18. Nxf4 Nxf4 19. exf4 Qf7 20. Nxe4 Bxa2 21.
Ra1 Bb3 22. Qd3 Bc4 23. Qe3 Bd5 24. f3 Qe7 25. Qd2 Bxe4 26. Re1 Qd6 27. fxe4
Rad8 28. Rad1 g6 29. g3 Rd7 30. Qc3 Qe6 31. Kg2 Red8 32. Rd2 h5 33. h3 a6 34.
h4 Kh7 35. Ree2 Qg4 36. Re3 Qe6 37. Qc5 Re8 38. Qg5 Rd5 39. f5 gxf5 40. Qxh5+
Kg7 41. Qg5+ Kh8 42. e5 Rd7 43. Rf3 Rf8 44. Rdf2 Rxd4 45. Rxf5 Rxf5 46. Qxf5
Qxf5 47. Rxf5 Rxb4 48. Rf7 Kg8 49. e6 c5 50. h5 Rb6 51. Rf6 Rc6 52. e7 Rc8 53.
Rb6 Kf7 54. Rxb7 Rc6 55. Kf3 c4 56. Ke2 c3 57. Kd1 a5 58. Ra7 Ke8 59. g4 Rc4
60. h6 Rxg4 61. h7 1-0

[Event "Prva liga Centralne Srbije"]
[Site "Bozevac"]
[Date "2006.09.09"]
[Round "1.4"]
[White "Klcesko, Nebojsa"]
[Black "Tomanovic, Nikola"]
[Result "0-1"]
[WhiteElo "1793"]
[BlackElo "2219"]
[PlyCount "46"]
[EventDate "2006.09.09"]

1. d4 f5 2. c4 Nf6 3. Nf3 g6 4. b3 Bg7 5. Bb2 d6 6. g3 O-O 7. Bg2 c6 8. O-O e5
9. dxe5 Ng4 10. Qc2 Nxe5 11. Rd1 Qe7 12. Nc3 Nbd7 13. Rd2 Nf6 14. Rad1 Nf7 15.
Ba3 Ne4 16. Nxe4 fxe4 17. Ne1 e3 18. fxe3 Qxe3+ 19. Kh1 Bf5 20. Nd3 Be4 21. Rg1
Ne5 22. Qc1 Ng4 23. Rdd1 Qxd3 0-1

[Event "Prva liga Centralne Srbije"]
[Site "Petrovac"]
[Date "2006.09.09"]
[Round "1.5"]
[White "Ristic, Nebojsa"]
[Black "Organdziev, Oliver"]
[Result "1/2-1/2"]
[WhiteElo "2367"]
[BlackElo "2296"]
[PlyCount "118"]
[EventDate "2006.09.09"]

1. d4 d5 2. c4 Bf5 3. Nc3 e6 4. Nf3 c6 5. Qb3 Qb6 6. c5 Qc7 7. Bf4 Qc8 8. e3
Be7 9. h3 Nd7 10. Be2 Ngf6 11. O-O Bd8 12. Nh4 Bc7 13. Nxf5 exf5 14. Bxc7 Qxc7
15. Bf3 O-O 16. Qc2 g6 17. b4 Rfb8 18. b5 Nf8 19. Rfb1 Ne6 20. g3 h5 21. h4 f4
22. gxf4 Ng7 23. Kg2 Nf5 24. Rh1 Re8 25. Qd3 Qe7 26. Rag1 Ne4 27. Kf1 Kf8 28.
Bxe4 dxe4 29. Qc4 Nxh4 30. Ke2 Rad8 31. Rb1 Nf5 32. bxc6 bxc6 33. Qa6 Qe6 34.
Rb7 Ne7 35. Kd2 Nc8 36. Rh2 Ne7 37. Rh1 Qg4 38. Qe2 Qf5 39. Qc4 Nc8 40. Rg1 Rd7
41. Rbb1 Red8 42. Ke2 f6 43. Qa4 Ne7 44. Qc2 Nd5 45. Nxd5 Rxd5 46. Qa4 g5 47.
Rb7 Qe6 48. Rh7 g4 49. Rb1 g3 50. Rbb7 R5d7 51. fxg3 Rxb7 52. Rxb7 Qg4+ 53. Kd2
Qxg3 54. Qc4 Rd5 55. Rxa7 Qf2+ 56. Qe2 Rxd4+ 57. exd4 Qxd4+ 58. Ke1 Qg1+ 59.
Qf1 Qe3+ 1/2-1/2

[Event "Prva liga Centralne Srbije"]
[Site "Petrovac"]
[Date "2006.09.09"]
[Round "1.5"]
[White "Panic, Nenad"]
[Black "Djokic, Nenad"]
[Result "1/2-1/2"]
[WhiteElo "2342"]
[BlackElo "2325"]
[PlyCount "120"]
[EventDate "2006.09.09"]

1. f4 c5 2. Nf3 g6 3. e3 Bg7 4. Be2 Nf6 5. O-O O-O 6. b3 Ne4 7. c3 b6 8. Qe1 f5
9. d3 Nf6 10. Bb2 d6 11. e4 e6 12. Nbd2 Nc6 13. a3 a5 14. Rc1 Ra7 15. b4 axb4
16. cxb4 fxe4 17. dxe4 Nh5 18. Bxg7 Kxg7 19. g3 Rxa3 20. Nc4 Ra7 21. Qc3+ Kg8
22. Rfd1 Rd7 23. bxc5 bxc5 24. Nxd6 Rxd6 25. Qxc5 Rxd1+ 26. Rxd1 Bd7 27. Bb5
Qc8 28. Qd6 Nf6 29. Ng5 Re8 30. e5 Nd5 31. Rxd5 exd5 32. e6 Rxe6 33. Nxe6 Bxe6
34. Bxc6 Bf7 35. Kf2 h5 36. Ke3 Qf5 37. Kd4 Qe4+ 38. Kc5 Qc4+ 39. Kb6 d4 40.
Be4 Kh7 41. f5 gxf5 42. Bxf5+ Kg7 43. Qe5+ Kf8 44. Qb8+ Kg7 45. Qe5+ Kf8 46.
Qc5+ Qxc5+ 47. Kxc5 Kg7 48. Kxd4 Kh6 49. Ke5 Ba2 50. Kf6 Bb3 51. Be4 Bd1 52. h3
Be2 53. Kf5 Bd1 54. Kf4 Ba4 55. Ke5 Bd1 56. Bd3 Bf3 57. Kf6 Bd1 58. Ke5 Bf3 59.
Kf5 Bd1 60. Kf4 Ba4 1/2-1/2

[Event "Prva liga Centralne Srbije"]
[Site "Petrovac"]
[Date "2006.09.09"]
[Round "1.5"]
[White "Stankovic, Dragan"]
[Black "Jovic, Stanoje"]
[Result "0-1"]
[WhiteElo "2334"]
[BlackElo "2330"]
[PlyCount "106"]
[EventDate "2006.09.09"]

1. g3 d5 2. Bg2 c6 3. d3 e5 4. Nd2 Be6 5. Ngf3 f6 6. O-O g5 7. e4 d4 8. Nc4 b5
9. Ncxe5 g4 10. Nxd4 Qxd4 11. Nxg4 h5 12. Ne3 h4 13. c3 Qd7 14. g4 h3 15. Bf3
Nh6 16. Be2 Rg8 17. f3 Na6 18. d4 Nc7 19. a4 b4 20. c4 c5 21. d5 Bf7 22. Kh1
Rh8 23. Nc2 Bd6 24. Be3 Bg6 25. Ne1 Qe7 26. Qd2 Qe5 27. Bg1 O-O-O 28. Nd3 Qe7
29. Qe3 Na6 30. Nf2 Rde8 31. Bd3 Be5 32. Rab1 Qd6 33. Nd1 Bd4 34. Qe1 f5 35.
Bxd4 cxd4 36. gxf5 Nxf5 37. c5 Nxc5 38. Rc1 a5 39. Rg1 Bh5 40. Be2 d3 41. Qf2
dxe2 42. Rxc5+ Kd7 43. Rc6 Qb8 44. Ne3 e1=Q 45. Rxe1 Nd4 46. Ng4 Nxc6 47. Nf6+
Ke7 48. Nxh5 Rxh5 49. dxc6 Qf4 50. Rf1 Rc8 51. Qa7+ Rc7 52. Qb8 Rc5 53. Qh8
Qxf3+ 0-1

[Event "Prva liga Centralne Srbije"]
[Site "Petrovac"]
[Date "2006.09.09"]
[Round "1.5"]
[White "Vulicevic, Novica"]
[Black "Zivkovic, Momcilo"]
[Result "0-1"]
[WhiteElo "2210"]
[BlackElo "2160"]
[PlyCount "80"]
[EventDate "2006.09.09"]

1. Nf3 d5 2. b3 Bf5 3. Bb2 Nf6 4. d3 c5 5. g3 Nc6 6. Bg2 Qd7 7. h3 h5 8. Nbd2
Rc8 9. Ne5 Nxe5 10. Bxe5 d4 11. Bxf6 gxf6 12. a4 Be6 13. Nc4 f5 14. a5 Bd5 15.
O-O Bxg2 16. Kxg2 h4 17. gxh4 Rc6 18. f3 Qc7 19. f4 Rg6+ 20. Kf3 Rxh4 21. Ne5
Rxh3+ 22. Kf2 Rh2+ 23. Ke1 Rgg2 24. Nf3 Qxf4 25. Qd2 Qxd2+ 26. Kxd2 Rxe2+ 27.
Kd1 Rhf2 28. Ra2 Bh6 29. Rxf2 Rxf2 30. Ne5 Bf4 31. Nc4 Bc7 32. b4 cxb4 33. Rb2
f4 34. Rxb4 f3 35. Kc1 Rf1+ 36. Kb2 f2 37. Rxb7 Re1 38. Rxc7 f1=Q 39. Ne5 Rb1+
40. Ka2 Kf8 0-1

[Event "Prva liga Centralne Srbije"]
[Site "Nis"]
[Date "2006.09.09"]
[Round "1.6"]
[White "Tosic, Miroslav"]
[Black "Mitrovic, Petar"]
[Result "1/2-1/2"]
[WhiteElo "2442"]
[BlackElo "2366"]
[PlyCount "95"]
[EventDate "2006.09.09"]

1. d4 Nf6 2. c4 e6 3. Nf3 Bb4+ 4. Bd2 Qe7 5. g3 Nc6 6. Nc3 d5 7. e3 O-O 8. Rc1
Rd8 9. a3 Bxc3 10. Bxc3 dxc4 11. Qa4 e5 12. dxe5 Nd5 13. Qxc4 Nxc3 14. Qxc3 Bg4
15. Bg2 Bxf3 16. Bxf3 Nxe5 17. Be2 Rac8 18. O-O c5 19. Rfd1 b6 20. Qc2 g6 21.
Qe4 Kf8 22. f4 Nc6 23. Qxe7+ Kxe7 24. g4 h6 25. h4 f6 26. Ba6 Rxd1+ 27. Rxd1
Rd8 28. Rxd8 Nxd8 29. Kf2 Nf7 30. Bc4 Nd6 31. Bd5 g5 32. hxg5 hxg5 33. Kf3 a5
34. a4 b5 35. axb5 Nxb5 36. Ke4 Nd6+ 37. Kd3 Nc8 38. Ba2 Nb6 39. Bg8 Na4 40.
Kc2 Nb6 41. Kd3 Na4 42. b3 Nb6 43. Ke4 gxf4 44. exf4 a4 45. bxa4 Nxa4 46. Kf5
Nb6 47. Kg6 c4 48. Bxc4 1/2-1/2